[Event "Chojnice op-A 2nd"]
[Site "Chojnice"]
[Date "2006.??.??"]
[Round "8"]
[White "Wolak, Jacek"]
[Black "Jaroch, Pawel"]
[Result "1/2-1/2"]
[WhiteElo "2066"]
[BlackElo "2181"]
[PlyCount "30"]
[EventDate "2006.07.??"]
[EventType "swiss"]
[EventRounds "9"]
[EventCountry "POL"]
[SourceTitle "EXT 2007"]
[Source "ChessBase"]
[SourceDate "2006.11.23"]
[SourceVersion "1"]
[SourceVersionDate "2006.11.23"]
[SourceQuality "1"]

1. d4 Nf6 2. Nf3 g6 3. c4 Bg7 4. Nc3 0-0 5. e4 d6 6. Be2 c6 7. 0-0 Qc7 8. Ne1 e5 9. Be3 Re8 10. d5 c5 11. Nd3 a6 12. a4 a5 13. Nb5 Qd8 14. Bf3 Na6 15. h4 h6 1/2-1/2

[Event "Chojnice op-A 2nd"]
[Site "Chojnice"]
[Date "2006.??.??"]
[Round "5"]
[White "Zwolakiewicz, Krzysztof"]
[Black "Wolak, Jacek"]
[Result "1-0"]
[WhiteElo "1971"]
[BlackElo "2066"]
[PlyCount "57"]
[EventDate "2006.07.??"]
[EventType "swiss"]
[EventRounds "9"]
[EventCountry "POL"]
[SourceTitle "EXT 2007"]
[Source "ChessBase"]
[SourceDate "2006.11.23"]
[SourceVersion "1"]
[SourceVersionDate "2006.11.23"]
[SourceQuality "1"]

1. e4 e6 2. d4 d5 3. e5 c5 4. c3 Nc6 5. Nf3 Qb6 6. a3 cxd4 7. cxd4 Bd7 8. Nc3 Rc8 9. Na4 Qc7 10. b4 f6 11. exf6 Nxf6 12. Bb2 Bd6 13. Rc1 Bf4 14. Rc2 0-0 15. g3 Bd6 16. Bd3 Qb8 17. Nc5 e5 18. Nxe5 Nxd4 19. Nexd7 Nxc2+ 20. Bxc2 Nxd7 21. Qxd5+ Kh8 22. Qh5 Rfe8+ 23. Kf1 Nf8 24. Bf5 Bxc5 25. Qf7 Re5 26. Bxc8 Rg5 27. h4 Rg6 28. h5 Rg5 29. h6 1-0

[Event "POL-chT 2nd League"]
[Site "Wysowa"]
[Date "2005.09.03"]
[Round "8.29"]
[White "Klykow, Lukasz"]
[Black "Wolak, Jacek"]
[Result "1/2-1/2"]
[WhiteElo "2187"]
[BlackElo "2052"]
[PlyCount "40"]
[EventDate "2005.08.27"]
[EventType "team-swiss"]
[EventRounds "9"]
[EventCountry "POL"]
[SourceTitle "EXT 2019"]
[Source "ChessBase"]
[SourceDate "2018.10.10"]
[SourceVersion "1"]
[SourceVersionDate "2018.10.10"]
[SourceQuality "1"]
[WhiteTeam "Wroclaw MUKS MDK Srodmiescie"]
[BlackTeam "Krakow KKSz 1893"]
[WhiteTeamCountry "POL"]
[BlackTeamCountry "POL"]

1. e4 e6 2. d4 d5 3. Nc3 Bb4 4. exd5 exd5 5. Bd3 Nc6 6. a3 Bxc3+ 7. bxc3 Nf6 8. Bg5 Qd6 9. Ne2 Na5 10. 0-0 0-0 11. Bf4 Qc6 12. Ng3 Nc4 13. Nh5 Nb2 14. Nxf6+ Qxf6 15. Qd2 Nxd3 16. cxd3 Bf5 17. Bxc7 Qg6 18. Rfd1 Rac8 19. Be5 Rc6 20. Rab1 b6 1/2-1/2

[Event "POL-chT 2nd League"]
[Site "Wysowa"]
[Date "2005.08.30"]
[Round "4.17"]
[White "Wolak, Jacek"]
[Black "Szuminski, Marek"]
[Result "1/2-1/2"]
[WhiteElo "2052"]
[BlackElo "2117"]
[PlyCount "53"]
[EventDate "2005.08.27"]
[EventType "team-swiss"]
[EventRounds "9"]
[EventCountry "POL"]
[SourceTitle "EXT 2019"]
[Source "ChessBase"]
[SourceDate "2018.10.10"]
[SourceVersion "1"]
[SourceVersionDate "2018.10.10"]
[SourceQuality "1"]
[WhiteTeam "Krakow KKSz 1893"]
[BlackTeam "Poznan Lech"]
[WhiteTeamCountry "POL"]
[BlackTeamCountry "POL"]

1. d4 d5 2. c4 e6 3. Nc3 Nf6 4. Bg5 Be7 5. e3 Nbd7 6. cxd5 exd5 7. Bd3 0-0 8. Qc2 Re8 9. Nge2 Nf8 10. 0-0 c6 11. Bxf6 Bxf6 12. b4 a6 13. a4 Bd7 14. b5 axb5 15. axb5 Qe7 16. bxc6 bxc6 17. Na4 Reb8 18. Nc5 Be8 19. Rfb1 Rxa1 20. Rxa1 g6 21. Nc1 Ne6 22. N1b3 Nxc5 23. Nxc5 Qd8 24. Ra6 Ra8 25. Qa4 Rxa6 26. Qxa6 Qb8 27. g3 1/2-1/2

[Event "Sea festival"]
[Site "Lithuania"]
[Date "2003.??.??"]
[Round "2"]
[White "Lavretzkij, Roman"]
[Black "Wolak, Jacek"]
[Result "1-0"]
[WhiteElo "2362"]
[BlackElo "2068"]
[PlyCount "49"]
[EventDate "2003.??.??"]
[EventType "team"]
[EventRounds "7"]
[EventCountry "LTU"]
[SourceTitle "EXT 2005"]
[Source "ChessBase"]
[SourceDate "2004.11.15"]
[SourceVersion "1"]
[SourceVersionDate "2004.11.15"]
[SourceQuality "1"]

1. d4 Nf6 2. g3 g6 3. Bg2 Bg7 4. e4 d6 5. Nc3 0-0 6. Nge2 e5 7. h3 Nc6 8. Be3 exd4 9. Nxd4 Bd7 10. 0-0 Re8 11. Re1 a6 12. a3 Rb8 13. Kh2 Ne5 14. Qe2 b5 15. Rad1 Nc4 16. Bc1 c5 17. Nb3 Qb6 18. Nd2 Be6 19. Nxc4 Bxc4 20. Qf3 Nd7 21. Nd5 Qc6 22. Ne3 Ne5 23. Qf4 b4 24. Nxc4 Nxc4 25. e5 1-0

[Event "POL-chT 2nd League South"]
[Site "Wisla"]
[Date "1998.??.??"]
[Round "?"]
[White "Jakubowski, Tomasz"]
[Black "Wolak, Jacek"]
[Result "1-0"]
[WhiteElo "2220"]
[BlackElo "2125"]
[PlyCount "51"]
[EventDate "1998.11.20"]
[EventType "team-swiss"]
[EventRounds "10"]
[EventCountry "POL"]
[SourceTitle "EXT 2000"]
[Source "ChessBase"]
[SourceDate "1999.11.16"]
[SourceVersion "1"]
[SourceVersionDate "1999.11.16"]
[SourceQuality "1"]

1. e4 c5 2. Nf3 e6 3. d4 cxd4 4. Nxd4 a6 5. Bd3 Nc6 6. Be3 Nf6 7. 0-0 Qc7 8. Kh1 d6 9. c4 Be7 10. Nc3 0-0 11. f4 Nxd4 12. Bxd4 g6 13. Qd2 Bd7 14. Rf3 Bc6 15. Raf1 Nh5 16. f5 e5 17. Be3 f6 18. Rh3 Ng7 19. fxg6 hxg6 20. c5 Ne6 21. Bc4 Qd7 22. cxd6 Bxd6 23. Rd1 Rad8 24. Bb6 g5 25. Bxd8 Rxd8 26. Rd3 1-0

[Event "POL-chT 2nd League South"]
[Site "Wisla"]
[Date "1998.??.??"]
[Round "?"]
[White "Wolak, Jacek"]
[Black "Kosturkiewicz, Jacek"]
[Result "0-1"]
[WhiteElo "2125"]
[BlackElo "2180"]
[PlyCount "74"]
[EventDate "1998.11.20"]
[EventType "team-swiss"]
[EventRounds "10"]
[EventCountry "POL"]
[SourceTitle "EXT 2000"]
[Source "ChessBase"]
[SourceDate "1999.11.16"]
[SourceVersion "1"]
[SourceVersionDate "1999.11.16"]
[SourceQuality "1"]

1. d4 Nf6 2. c4 g6 3. Nc3 Bg7 4. e4 d6 5. f3 0-0 6. Be3 Nbd7 7. Nge2 c5 8. Qd2 Qa5 9. d5 a6 10. Nc1 Ne5 11. Be2 Rb8 12. Qc2 Bd7 13. Nb3 Qc7 14. a4 Rfc8 15. 0-0 e6 16. dxe6 Bxe6 17. Nd2 Nc6 18. Nb3 Nd7 19. Rfd1 Nde5 20. Nd5 Bxd5 21. cxd5 Nb4 22. Qd2 b5 23. axb5 axb5 24. f4 Nc4 25. Bxc4 bxc4 26. Na5 Nd3 27. Nxc4 Nxb2 28. Nxb2 Rxb2 29. Qa5 Qd7 30. Rab1 Qg4 31. Bd2 Bd4+ 32. Kh1 Rcb8 33. Rbc1 Qe2 34. e5 Be3 35. exd6 Bxd2 36. Rxd2 Rxd2 37. Rg1 Rb1 0-1